000 00982nam a2200313Ia 4500
003 OSt
005 20220912145210.0
006 a|||||r|||| 00| 0
007 ta
008 220909b |||||||| |||| 00| 0 eng d
020 _a9783527313990 (pbk)
024 _a76355
037 _b1742, 02/03/2007, Unilib Book Distributors
037 _cTextbook
040 _aCSL
_beng
_cCSL
041 _aeng
082 _aE5:4, P7 TE
100 _aChristmann Mathias Ed.
245 0 _aAsymmetric synthesis: The essentials
260 _aWeinheim Wiley
_bVch verlag GmbH & Co.
_c2007
300 _axl.345p.
_ccm.
500 _aIncludes bibliogrpahical references; Indexex 331-343p
650 _a Asymmetric synthesis
650 _a Organic chemistry
650 _aChemistry
700 _a Brase Stefan Ed.
942 _hE5:4, P7 TE
_cTB
_2CC
999 _c25750
_d25750